000 00408nam a2200169Ia 4500
008 221030s9999 xx 000 0 und d
020 _a8179290891
041 _aEnglish
082 _a105.23
_bMic
100 _aE. A. Michigan
245 0 _aSuccessful Selling in 7 Simple Steps
260 _bInfinity Books
_aNew Delhi
_c2004
300 _a208
650 _aManagement
700 _aR. Sethi
942 _cBK
999 _c1080
_d1080